Normal view
MARC view
- Mohd Shukri bin Abdul Wahid
Entry Personal Name
001 - CONTROL NUMBER
- control field: 8582
003 - CONTROL NUMBER IDENTIFIER
- control field: OSt
005 - DATE AND TIME OF LATEST TRANSACTION
- control field: 20170530090949.0
008 - FIXED-LENGTH DATA ELEMENTS
- fixed length control field: 170530|| aca||aabn | a|a d
040 ## - CATALOGING SOURCE
- Original cataloging agency: OSt
- Transcribing agency: OSt
100 ## - HEADING--PERSONAL NAME
- Personal name: Mohd Shukri bin Abdul Wahid
670 ## - SOURCE DATA FOUND
- Source citation: Work cat.: (OSt): Mohd Shukri bin Abdul Wahid, Peranan Konsutasi Perkhidmatan dan Latihan(PL) Dalam Meningkatkan Prestasi di Jabatan Kastam:, 2006

PORTAL AKMAL
E-MEL JKDM
AKMAL2U
G-BAM
u-PUSTAKA